Medical biochemistry /
Saved in:
| Main Author: | |
|---|---|
| Format: | Book |
| Language: | English |
| Published: |
San Diego
Harcourt/Academic Press
c2002.
|
| Edition: | 4th ed. |
| Subjects: | |
| Online Access: | Publisher description Table of contents View in OPAC |
| Tags: |
No Tags, Be the first to tag this record!
|
MARC
| LEADER | 00000cam a22000004a 4500 | ||
|---|---|---|---|
| 005 | 20260127133920.0 | ||
| 008 | 010508s2002 caua b 001 0 eng | ||
| 010 | |a 2001-090826 | ||
| 020 | |a 0120954400 (alk. paper) | ||
| 035 | |a vtls008417913 | ||
| 035 | |a 12402274 | ||
| 039 | 9 | |y 200512121344 |z mschk03 | |
| 040 | |a STUSCHK1 |b slo |c STUSCHK1 | ||
| 042 | |a pcc | ||
| 082 | 0 | 0 | |a 612/.015 |2 21 |
| 100 | 1 | |a Bhagavan, N. V. | |
| 245 | 1 | 0 | |a Medical biochemistry / |c N.V. Bhagavan. |
| 250 | |a 4th ed. | ||
| 260 | |a San Diego |b Harcourt/Academic Press |c c2002. | ||
| 300 | |a xxx, 1016 p. |b ill. (some col.) |c 29 cm. | ||
| 504 | |a Includes bibliographical references and index. | ||
| 650 | 0 | |a biochémia. | |
| 650 | 0 | |a Clinical biochemistry. | |
| 650 | 2 | |a Biochemistry. | |
| 856 | 4 | 2 | |3 Publisher description |u http://www.loc.gov/catdir/description/els031/2001090826.html |
| 856 | 4 | 1 | |3 Table of contents |u http://www.loc.gov/catdir/toc/els031/2001090826.html |
| 906 | |a 7 |b cbc |c orignew |d 3 |e epcn |f 20 |g y-gencatlg | ||
| 910 | |a SCHK95 | ||
| 919 | |a 0-12-095440-0 | ||
| 925 | 0 | |a acquire |b 1 shelf copy |x policy default | |
| 999 | |c 12 |d 12 | ||